Title in the Lyrics - Metallica - Statistics

General Stats
  • This quiz has been taken 1,611 times
  • The average score is 11 of 15
Answer Stats
Answer % Correct
{Master} {of} {puppets} I’m pulling your strings / Twisting your mind and smashing your dreams
94%
Gimme {fuel}, gimme fire, gimme that which I desire
93%
So close no matter how far / Couldn’t be much more from the heart / Forever trusting who we are / And {nothing} {else} {matters}
89%
I’m your dream, mind astray / I’m your eyes while you’re away / I’m your pain while you repay / You know it’s {sad} {but} {true}
85%
Lashing out the action, returning the reaction / Weak are ripped and torn away / Hypnotizing power, crushing all that cower / {Battery} is here to stay
82%
Never free, never me / So I dub thee "{Unforgiven}"
82%
Searching... {seek} {and} {destroy}
81%
So let it be written / So let it be done / To kill the first born pharaoh son / I'm {creeping} {death}
78%
But the castle crumbled / And you've left with just a name / Where's your crown, {King} {Nothing}?
74%
Fortune, fame / Mirror vain / Gone insane / But {the} {memory} {remains}
72%
{For} {whom} {the} {bell} {tolls} / Time marches on
72%
{Blackened} is the end / Winter it will send
67%
{Fight} {fire} {with} {fire} / Ending is near / {Fight} {fire} {with} {fire} / Bursting with fear
44%
Medallion noose, I hang myself / {Saint} {Anger} around my neck
43%
Do you bury me when I’m gone / Do you teach me while I’m here / Just as soon as I belong / Then it’s time {I} {disappear}
35%
No matching quizzes found
Score Distribution
Percent of People with Each Score
Percentile by Number Answered
Your Score History
You have not taken this quiz